Entry Personal Name
Number of records used in: 1
001 - CONTROL NUMBER
003 - CONTROL NUMBER IDENTIFIER
005 - DATE AND TIME OF LATEST TRANSACTION
- control field:
20200128160406.0
008 - FIXED-LENGTH DATA ELEMENTS
- fixed length control field:
040316n| acannaabn |n aaa c
010 ## - LIBRARY OF CONGRESS CONTROL NUMBER
- LC control number:
no2004024917
035 ## - SYSTEM CONTROL NUMBER
- System control number:
(OCoLC)oca06298142
040 ## - CATALOGING SOURCE
- Original cataloging agency:
SaPrUSA
- Language of cataloging:
eng
- Transcribing agency:
SaPrUSA
- Modifying agency:
DLC
100 1# - HEADING--PERSONAL NAME
- Personal name:
Paik, Yongsun,
- Dates associated with a name:
1956-
670 ## - SOURCE DATA FOUND
- Source citation:
The impact of strategic flexibility on business performance in the international business environment, 1991
- Information found:
t.p. (Yongsun Paik) vita (b. Jan. 1956 in Seoul, Korea)
670 ## - SOURCE DATA FOUND
- Source citation:
Managing a global workforce, 2006:
- Information found:
ecip t.p. (Yongsun Paik) data view (b. 1/16/1955[?])